000 00934nas a2200337 4500
001 BR2013005218
003 BR-BrBNA
005 20231205122559.0
007 ta
008 230509b bl.|||p| |||| 00| 00por d
040 _aBR-BrBNA
_bpor
_cBiblioteca Nacional de Agricultura
041 _a(Pt)
072 _aL70
100 1 _aSouza, F.W. de
100 1 _aBrun, M.V.
100 1 _aNardi, A.B. de
100 1 _aHuppes, R.R.
100 1 _aQuarterone, C.
100 1 _aRaposo, T.M.M.
100 1 _aKasper, P.N.
100 1 _aOliveira, M.T. de
100 1 _aGuedes, R.L.
245 1 _aLinfadenectomia laparoscópica em cadela com neoplasia mamária
650 _aCÃO
650 _aTUMOR
650 _aNEOPLASIA
650 _aLAPAROSCÓPIA
773 0 _tCiência Rural (Brazil)
_xISSN 0103-8478
_g(Apr 2013), v. 43(4) p. 750-753
_wBR2013005218
909 _a202311
_bLúcia
_c55
_dLúcia Elande
942 _2AGRIS
_n0
_cANA
999 _c229395
_d229395